| 000 | 00352nam a2200133 4500 | ||
|---|---|---|---|
| 999 |
_c168607 _d168607 |
||
| 020 |
_a8171992145 _c90.00 |
||
| 035 | _aB-224071 | ||
| 082 |
_a658.311 _bBAT |
||
| 100 | _aMital,S.C. | ||
| 245 |
_aModern Interviews/ _cS.C. Mital |
||
| 260 |
_aDelhi _bBright Careers institute |
||
| 300 | _aviii,280p. | ||
| 942 |
_2ddc _cEN _h658.31 _mBAT |
||